Urban social geography: an introduction. -- 5th ed. (Record no. 61072)
[ view plain ]
| 000 -LEADER | |
|---|---|
| fixed length control field | 00745nam a2200217 a 4500 |
| 008 - FIXED-LENGTH DATA ELEMENTS--GENERAL INFORMATION | |
| fixed length control field | 081205s2006 ||||||||||||||||| || u |
| 020 ## - INTERNATIONAL STANDARD BOOK NUMBER | |
| International Standard Book Number | 0131249444 |
| 050 ## - LIBRARY OF CONGRESS CALL NUMBER | |
| Classification number | HT 151 Kno |
| 100 ## - MAIN ENTRY--PERSONAL NAME | |
| Personal name | Pinch, Steven |
| 245 10 - TITLE STATEMENT | |
| Title | Urban social geography: an introduction. -- 5th ed. |
| Statement of responsibility, etc. | Paul Knox and Steven Pinch |
| 250 ## - EDITION STATEMENT | |
| Edition statement | 5th ed. |
| 260 ## - PUBLICATION, DISTRIBUTION, ETC. | |
| Place of publication, distribution, etc. | Harlow, Essex |
| Name of publisher, distributor, etc. | Pearson |
| Date of publication, distribution, etc. | 2006 |
| 300 ## - PHYSICAL DESCRIPTION | |
| Extent | xvi, 375p.: ill. |
| 350 ## - PRICE (NR) (BK AM CF MU VM SE) [OBSOLETE] | |
| Price | 0.00 |
| 650 #0 - SUBJECT ADDED ENTRY--TOPICAL TERM | |
| Topical term or geographic name entry element | CITIES AND TOWNS--AFRICA |
| 650 #0 - SUBJECT ADDED ENTRY--TOPICAL TERM | |
| Topical term or geographic name entry element | SOCIOLOGY, URBAN |
| 650 #0 - SUBJECT ADDED ENTRY--TOPICAL TERM | |
| Topical term or geographic name entry element | SOCIOLOGY |
| 650 #0 - SUBJECT ADDED ENTRY--TOPICAL TERM | |
| Topical term or geographic name entry element | HUMAN GEOGRAPHY |
| 700 ## - ADDED ENTRY--PERSONAL NAME | |
| Personal name | Knox, Paul |
| 995 ## - RECOMMENDATION 995 [LOCAL, UNIMARC FRANCE] | |
| -- | 0.00 |
| -- | CBU-MAIN LIBRARY (Kitwe) |
| -- | 1 |
| -- | 0.00 |
| -- | 1 |
| -- | AVAILABLE |
| -- | Jan 30, 2009 |
| -- | Main Library Open Access Collection |
| Withdrawn status | Lost status | Source of classification or shelving scheme | Damaged status | Not for loan | Home library | Current library | Shelving location | Date acquired | Total Checkouts | Full call number | Barcode | Date last seen | Price effective from | Koha item type |
|---|---|---|---|---|---|---|---|---|---|---|---|---|---|---|
| CBU-MAIN LIBRARY, KITWE. | CBU-MAIN LIBRARY, KITWE. | 11/30/2022 | HT 151 Kno | 739269 | 11/30/2022 | 11/30/2022 | MONOGRAPH |